Analýza podozrivých bankových operácií prijatých v roku 1997
Prehľad podozrivých bankových operácií na Slovensku v roku 1997. Počty prijatých hlásení, teritoriálne rozloženie. Mena a sumy v ktorých boli bankové operácie realizované. Platby realizované v rámci zahraničného platobného styku. Celkový prehľad o stave podozrivých bankových operácií postúpených kom...
Gespeichert in:
| 1. Verfasser: | |
|---|---|
| Format: | Buchkapitel |
| Sprache: | Slowakisch |
| Schlagworte: | |
| Tags: |
Keine Tags, Fügen Sie das erste Tag hinzu!
|
MARC
| LEADER | 00000naa a2200000 4500 | ||
|---|---|---|---|
| 001 | r032086 | ||
| 005 | 20240722121326.9 | ||
| 041 | 0 | |a slo | |
| 044 | |a SK | ||
| 245 | 1 | 0 | |a Analýza podozrivých bankových operácií prijatých v roku 1997 |c Ján Vittek |
| 520 | |a Prehľad podozrivých bankových operácií na Slovensku v roku 1997. Počty prijatých hlásení, teritoriálne rozloženie. Mena a sumy v ktorých boli bankové operácie realizované. Platby realizované v rámci zahraničného platobného styku. Celkový prehľad o stave podozrivých bankových operácií postúpených kompetentným útvarom MV SR. | ||
| 610 | 2 | 0 | |a operácie bankové |
| 610 | 2 | 0 | |a činnosť trestná |
| 610 | 2 | 0 | |a styk platobný |
| 610 | 2 | 0 | |a styk platobný zahraničný |
| 610 | 2 | 0 | |a špekulácie |
| 610 | 2 | 0 | |a operácie finančné podozrivé |
| 610 | 2 | 0 | |a banky |
| 610 | 2 | 0 | |a Slovensko |
| 610 | 2 | 0 | |a 1997 |
| 100 | 1 | |a Vittek, Ján | |